| 000 | 01063pam a2200301 a 4500 | ||
|---|---|---|---|
| 001 | 016133899 | ||
| 003 | OSt | ||
| 005 | 20140127131252.0 | ||
| 008 | 120629t2013 xxua frb 001 0 eng d | ||
| 020 | _a9780273774501 (pbk.) | ||
| 020 | _a0273774506 (pbk.) | ||
| 040 |
_aStDuBDS _beng _cStDuBDS _dUk |
||
| 082 | 0 | 4 |
_a006.74 _222 _bFEL |
| 100 | 1 |
_aFelke-Morris, Terry _934910 |
|
| 245 | 1 | 0 |
_aWeb development and design foundations with HTML5 / _cTerry Felke-Morris. |
| 250 |
_a6th ed., _bInternational ed. / contributions by Piyali Sengupta. |
||
| 260 |
_aBoston, United States : _bPearson Education Limited, _cc.2013. _f(Courier Kendallville) |
||
| 300 |
_a668 p. : _bill. (col.) ; _c28 cm. |
||
| 500 | _aIndex : p. 651-665. | ||
| 500 | _aIncludes appendix. | ||
| 504 | _aIncludes bibliographical references. | ||
| 650 | 0 |
_aHTML (Document markup language) _929620 |
|
| 650 | 0 |
_aWeb site development _xComputer programs _93733 |
|
| 653 |
_bCS _cJanuary2014 |
||
| 655 |
_vreading book _934232 |
||
| 700 | 1 |
_aSengupta, Piyali _934935 |
|
| 942 |
_2ddc _k006.74 FEL |
||
| 999 |
_c17968 _d17940 |
||